| Tag |
First Indicator |
Second Indicator |
Subfields |
| LEADER |
00000cam a2200000 a 4500 |
| 001 |
in00001658366 |
| 005 |
20151023110558.0 |
| 008 |
931118s1988 mx b b 000 0 spa d |
| 010 |
|
|
|a 89216151
|
| 020 |
|
|
|a 9684961375
|
| 035 |
|
|
|a (OCoLC)ocm21372112
|
| 040 |
|
|
|a NcD
|c DLC
|d TXA
|d UtOrBLW
|
| 042 |
|
|
|a lccopycat
|
| 043 |
|
|
|a n-mx---
|
| 049 |
|
|
|a TXAM
|
| 050 |
0 |
0 |
|a JL1299.C44
|b S64 1988
|
| 082 |
0 |
0 |
|a 324.2727507
|
| 100 |
1 |
|
|a Spenser, Daniela.
|
| 245 |
1 |
3 |
|a El Partido Socialista Chiapaneco :
|b rescate y reconstrucción de su historia /
|c Daniela Spenser.
|
| 250 |
|
|
|a 1. ed.
|
| 264 |
|
1 |
|a México, D.F. :
|b CIESAS,
|c [1988]
|
| 264 |
|
4 |
|c ©1988
|
| 300 |
|
|
|a 191 pages :
|b map ;
|c 21 cm.
|
| 336 |
|
|
|a text
|b txt
|2 rdacontent
|
| 337 |
|
|
|a unmediated
|b n
|2 rdamedia
|
| 338 |
|
|
|a volume
|b nc
|2 rdacarrier
|
| 490 |
1 |
|
|a Ediciones de la Casa Chata ;
|v 29
|
| 504 |
|
|
|a Includes bibliographical references (pages 187-191).
|
| 610 |
2 |
0 |
|a Partido Socialista Chiapaneco
|x History.
|
| 650 |
|
0 |
|a Socialism
|z Mexico
|z Chiapas
|x History.
|
| 830 |
|
0 |
|a Ediciones de la Casa Chata ;
|v 29.
|
| 948 |
|
|
|a cataloged
|b h
|c 2002/1/10
|d c
|e dmitchel
|f 10:34:52 am
|
| 994 |
|
|
|a E0
|b TXA
|
| 999 |
|
|
|a MARS
|
| 999 |
f |
f |
|s 6b6ef555-3a5f-39ab-9bec-695b81f33e12
|i 1f943155-718b-385e-bad2-b67c192045af
|t 0
|
| 952 |
f |
f |
|p ric
|a Texas A&M University
|b Rellis Campus
|c Joint Library Facility
|d Remote Storage
|t 0
|e JL1299.C44 S64 1988
|h Library of Congress classification
|i unmediated -- volume
|m A14828374789
|
| 998 |
f |
f |
|a JL1299.C44 S64 1988
|t 0
|l Remote Storage
|